| 000 | nam a22 7a 4500 | ||
|---|---|---|---|
| 999 |
_c128317 _d128317 |
||
| 008 | 181008b xxu||||| |||| 00| 0 eng d | ||
| 050 |
_aBX1682.Z5 _bH292 |
||
| 100 |
_aHarold-Barry, David _942774 |
||
| 245 |
_aBeyond appearances: _breflections on principles and practice _c/ David Harold-Barry |
||
| 260 |
_aHarare _bWeaver Press _c2018 |
||
| 300 |
_axii, 247p. ; _c21cm. |
||
| 650 |
_aCatholic Church in Zimbabwe _98883 |
||
| 650 |
_aSociology, Christian (Catholic) _942571 |
||
| 942 |
_2lcc _cMONOGRAPH |
||